New-product evaluation procedures / (Record no. 529444)

000 -LEADER
fixed length control field 01012nam a2200301 a 4500
001 - CONTROL NUMBER
control field 445167
003 - CONTROL NUMBER IDENTIFIER
control field NUST
005 - DATE AND TIME OF LATEST TRANSACTION
control field 20190926111103.0
008 - FIXED-LENGTH DATA ELEMENTS--GENERAL INFORMATION
fixed length control field 821102s1982 dcu b 000 0 eng
010 ## - LIBRARY OF CONGRESS CONTROL NUMBER
LC control number 82050868
020 ## - INTERNATIONAL STANDARD BOOK NUMBER
International Standard Book Number 0309034167 (pbk.) :
Terms of availability $6.80
038 ## - RECORD CONTENT LICENSOR
Staff Name MSOHAIL
040 ## - CATALOGING SOURCE
Original cataloging agency DLC
Transcribing agency DLC
Modifying agency DLC
050 00 - LIBRARY OF CONGRESS CALL NUMBER
Classification number TE205
Item number .B87 1982
082 00 - DEWEY DECIMAL CLASSIFICATION NUMBER
Classification number 625.7028
Edition number 19
100 1# - MAIN ENTRY--PERSONAL NAME
Personal name Burke, John E.
9 (RLIN) 21517
245 10 - TITLE STATEMENT
Title New-product evaluation procedures /
Statement of responsibility, etc. John E. Burke ; topic panel, Frederick M. Boyce, Jr. ... [et al.].
260 ## - PUBLICATION, DISTRIBUTION, ETC.
Place of publication, distribution, etc. Washington, D.C. :
Name of publisher, distributor, etc. Transportation Research Board, National Research Council,
Date of publication, distribution, etc. [1982]
300 ## - PHYSICAL DESCRIPTION
Extent 34 p. ;
Dimensions 28 cm.
440 #0 - SERIES STATEMENT/ADDED ENTRY--TITLE
Title Synthesis of highway practice,
International Standard Serial Number 0547-5570 ;
Volume/sequential designation 90
9 (RLIN) 21518
500 ## - GENERAL NOTE
General note "June, 1982."
504 ## - BIBLIOGRAPHY, ETC. NOTE
Bibliography, etc. note Bibliography: p. 24.
650 #0 - SUBJECT ADDED ENTRY--TOPICAL TERM
Topical term or geographic name entry element Road materials
General subdivision Testing.
9 (RLIN) 21230
650 #0 - SUBJECT ADDED ENTRY--TOPICAL TERM
Topical term or geographic name entry element New products
General subdivision Testing.
9 (RLIN) 21519
650 #0 - SUBJECT ADDED ENTRY--TOPICAL TERM
Topical term or geographic name entry element Highway engineering.
9 (RLIN) 21520
906 ## - LOCAL DATA ELEMENT F, LDF (RLIN)
a 7
b cbc
c orignew
d 2
e ocip
f 19
g y-gencatlg
942 ## - ADDED ENTRY ELEMENTS (KOHA)
Source of classification or shelving scheme
Koha item type Book
Holdings
Withdrawn status Lost status Source of classification or shelving scheme Damaged status Not for loan Permanent Location Current Location Date acquired Total Checkouts Full call number Barcode Date last seen Price effective from Koha item type
          School of Civil and Environmental Engineering (SCEE) School of Civil and Environmental Engineering (SCEE) 09/26/2019   625.7028 NIT-10903 09/26/2019 09/26/2019 Book
© 2023 Central Library, National University of Sciences and Technology. All Rights Reserved.